Temas de Historia del Derecho y Derecho Agrario

Bibliographic Details
Main Author: Correa, Andry Matilla
Other Authors: ℓlvarez Torres, Osvaldo Manuel, Martn̕ez Montenegro, Isnel
Format: eBook
Language:Spanish
Published: La Habana: Unin̤ Nacional de Juristas de Cuba, 2013
Subjects:
Online Access:Acceso restringido

MARC

LEADER 00000nam a22000007a 4500
005 20140902230019.0
007 cr|||| ||||
008 140902s2013 cu |||||s|||| 00||0 spa d
020 |a 978-959-7219-09-5 
035 |a 12359 
040 |a vLex 
090 |c 5144  |d 5144 
100 1 |a Correa, Andry Matilla 
245 1 0 |a Temas de Historia del Derecho y Derecho Agrario  |h [Recurso electrn̤ico] /  |c Andry Matilla Correa, Osvaldo Manuel ℓlvarez Torres, Isnel Martn̕ez Montenegro 
256 |a Servicio en ln̕ea 
260 |a La Habana:  |b Unin̤ Nacional de Juristas de Cuba,  |c 2013 
300 |a 1 recurso electrn̤ico 
506 1 |a Disponible solo en los productos indicados  |d vLex Global  |d vLex Global (Academic Edition, excluding Law Schools)  |d vLex Global (U.S. Academic Edition, Law Schools)  |d vLex Global (U.S. Academic Edition, excluding Law Schools)  |d vLex Global (Academic Edition, Law Schools) 
650 0 4 |a Derecho Civil  |z Cuba 
650 0 4 |a Derecho Militar  |z Cuba 
700 1 |a ℓlvarez Torres, Osvaldo Manuel 
700 1 |a Martn̕ez Montenegro, Isnel 
740 0 |a vLex Libros (Servicio en ln̕ea) 
856 4 0 |u http://vlex.com/source/temas-de-historia-del-derecho-y-derecho-agrario-12359  |z Acceso restringido 
942 |c BOOK 
999 0 |a Civil Law 
999 0 |a Military Law